ბათუმის შოთა რუსთაველის სახელმწიფო უნივერსიტეტის ბიბლიოთეკა

ხალხური პოეზიის ანთოლოგია / (ბიბ.ჩანაწერი № 60262)

000 -ლიდერი
ფიქსირებული სიგრძის საკონტროლო ველი 01594nam a22002417a 4500
003 - საკონტროლო ნომრის იდენტიფიკატორი
საკონტროლო ველი Ge_BSU
005 - ბოლო ოპერაციის თარიღი და დრო
საკონტროლო ველი 20230623094843.0
008 - ფიქსირებული სიგრძის მონაცემთა ელემენტები - ზოგადი ინფორმაცია
ფიქსირებული სიგრძის საკონტროლო ველი 230623s2010 ge ||||| |||| 00| 0 geo d
020 ## - წიგნის საერთაშორისო სტანდარტული ნომერი
International Standard Book Number 9789941910630
041 ## - ენის კოდი
Language code of text/sound track or separate title geo
080 ## - უნივერსალური ათობითი კლასიფიკაციის ინდექსი
Universal Decimal Classification number 821.353.1-91-1 ხ-20
245 ## - ცნობა სათაურის შესახებ
Title ხალხური პოეზიის ანთოლოგია /
Statement of responsibility, etc შედგენილი ზურაბ კიკნაძისა და ტრისტან მახაურის მიერ; [რედ. მერაბ ღაღანიძე; თენგიზ მირზაშვილის ნახ.; [ქართ. წიგნის მხარდაჭერის ფონდი].
264 ## - წარმოების, გამოცემის, დისტრიბუციის და სხვა ცნობები
გამოცემის, წარმოების, დისტრიბუციის... ადგილი თბილისი :
გამოცემის, წარმოების, დისტრიბუციის... სახელწოდება მემკვიდრეობა,
გამოცემის, წარმოების, დისტრიბუციის... თარიღი 2010.
300 ## - ფიზიკური აღწერა
Extent 352 გვ. ;
Other physical details 25 სმ.
500 ## - ზოგადი შენიშვნა
General note ეძღვნება ალექსანდრე გვახარიას ხსოვნას.
501 ## - შენიშვნა თანმხლებ მასალაზე
With note შენიშვნ.: გვ. 241-313.
სიტყვათა განმარტება: გვ. 319-323.
700 ## - ADDED ENTRY--PERSONAL NAME
Personal name კიკნაძე, ზურაბ
Relator term შემდგენელი
9 (RLIN) 18910
700 ## - ADDED ENTRY--PERSONAL NAME
Personal name მახაური, ტრისტან
Relator term შემდგენელი.
9 (RLIN) 18911
700 ## - ADDED ENTRY--PERSONAL NAME
Personal name ღაღანიძე, მერაბ
Relator term რედაქტორი
9 (RLIN) 12587
700 ## - ADDED ENTRY--PERSONAL NAME
Personal name მირზაშვილი, თენგიზ
Relator term მხატვარი
9 (RLIN) 14796
700 ## - ADDED ENTRY--PERSONAL NAME
Personal name ქართული წიგნის მხარდაჭერის ფონდი
9 (RLIN) 18912
942 ## - ADDED ENTRY ELEMENTS (KOHA)
Source of classification or shelving scheme
Koha item type წიგნი
ეგზემპლარები
ჩამოწერის სტატუსი დაკარგული ეგზემპლარის სტატუსი კლასიფიკაციის წყარო ან თაროზე გაწყობის სქემა დაზიანების სტატუსი არ გაიცემა მუდმივი მდებარეობა (დაცვის ადგილი) ამჟამინდელი ადგილსამყოფელი თაროზე განთავსების ადგილი შეძენის თარიღი ღირებულება, შესყიდვის ნორმალური ფასი სრული შენახვის შიფრი შტრიხკოდი ბოლო ოპერაციის თარიღი ეგზემპლარის მიმდევრობითი ნომერი (კეტერი?) Uniform Resource Identifier ფასის ძალაში შესვლის თარიღი ეგზემპლარის სახეობა საჯარო შენიშვნა
          ბათუმის შოთა რუსთაველის სახელმწიფო უნივერსიტეტის მთავარი ბიბლიოთეკა ბათუმის შოთა რუსთაველის სახელმწიფო უნივერსიტეტის მთავარი ბიბლიოთეკა წიგნსაცავი 2023-06-23 10.00 821.353.1-91-1 ხ-20 64764 2023-06-23 64764 ბსუ-ს საპატიო დოქტორის გურამ ლორთქიფანიძის საჩუქარი 2023-06-23 წიგნი 10 ლ.